Normal view
MARC view
- القانون الدستوري
Entry Topical Term
001 - CONTROL NUMBER
- control field: 44310
003 - CONTROL NUMBER IDENTIFIER
- control field: JO-AjAnu
005 - DATE AND TIME OF LATEST TRANSACTION
- control field: 20230606081334.0
008 - FIXED-LENGTH DATA ELEMENTS
- fixed length control field: 230606|| aca||aabn | a|a d
040 ## - CATALOGING SOURCE
- Original cataloging agency: JO-AjAnu
- Transcribing agency: JO-AjAnu
150 ## - HEADING--TOPICAL TERM
- Topical term or geographic name entry element: القانون الدستوري
670 ## - SOURCE DATA FOUND
- Source citation: Work cat.: (JO-AjAnu)22689: فوزي او صديق, author 44309, الوسيط في النظم السياسية والقانون الدستوري : دراسة مقارنة ، القسم الثاني :النظرية العامة للدساتير